[Event "MTO"]
[Site "?"]
[Date "2021.??.??"]
[Round "1.126"]
[White "Paladini Jean-Michel"]
[Black "Shchekachev Andrei"]
[Result "0-1"]
[WhiteElo "2084"]
[BlackElo "2515"]
[PlyCount "73"]
[EventDate "2021.??.??"]
[WhiteTeam "Schweiz"]
[BlackTeam "Frankreich"]
[WhiteTeamCountry "SUI"]
[BlackTeamCountry "FRA"]

1. c4 g6 2. g3 Bg7 3. Bg2 c5 4. Nf3 Nc6 5. O-O d6 6. Nc3 e6 7. e3 Nge7 8. d4
O-O 9. dxc5 dxc5 10. Qe2 a6 11. Rd1 Qc7 12. Bd2 b6 13. Rac1 Bb7 14. b3 h6 15.
Na4 Rad8 16. Bc3 e5 17. Ne1 Bc8 18. Rxd8 Rxd8 19. Rd1 Bf5 20. h3 Be6 21. Rd2
Nb8 22. Rxd8+ Qxd8 23. Qd2 Qc7 24. Kh2 Nd7 25. Bf1 e4 26. Bxg7 Kxg7 27. Qb2+
Kg8 28. Bg2 Bf5 29. f4 b5 30. cxb5 axb5 31. Nc3 b4 32. Nb1 Nd5 33. Nc2 N7b6 34.
Bf1 g5 35. Nd2 Nc3 36. a3 Qd6 37. Ne1 0-1

[Event "MTO"]
[Site "?"]
[Date "2021.??.??"]
[Round "1.127"]
[White "Budisavljevic Luka"]
[Black "Kornitzky Tino"]
[Result "1-0"]
[WhiteElo "2509"]
[BlackElo "2083"]
[PlyCount "61"]
[EventDate "2021.??.??"]
[WhiteTeam "Serbien"]
[BlackTeam "Deutschland"]
[WhiteTeamCountry "SRB"]
[BlackTeamCountry "GER"]

1. d4 Nf6 2. c4 e6 3. Nc3 d5 4. cxd5 exd5 5. Bg5 Nbd7 6. e3 c6 7. Bd3 Be7 8.
Nf3 O-O 9. Qc2 Re8 10. O-O Ne4 11. Bxe4 dxe4 12. Nxe4 Bxg5 13. Nexg5 Nf8 14.
Rae1 Qe7 15. Kh1 Bg4 16. Rg1 h6 17. Nh3 Bxh3 18. gxh3 Ng6 19. Rg3 Qf6 20. Reg1
Re6 21. h4 Kh8 22. h5 Ne7 23. Ne5 Rxe5 24. dxe5 Qxe5 25. Rxg7 Qxg7 26. Rxg7
Kxg7 27. Qc3+ Kf8 28. Qf6 Ng8 29. Qd6+ Kg7 30. Qg3+ Kf8 31. Qc7 1-0

[Event "MTO"]
[Site "?"]
[Date "2021.??.??"]
[Round "1.128"]
[White "Gomez Barrera Javiera Belen"]
[Black "Kalyan Arjun"]
[Result "0-1"]
[WhiteElo "2083"]
[BlackElo "2503"]
[PlyCount "48"]
[EventDate "2021.??.??"]
[WhiteTeam "Chile"]
[BlackTeam "Indien"]
[WhiteTeamCountry "CHI"]
[BlackTeamCountry "IND"]

1. e4 c5 2. Nf3 d6 3. d4 cxd4 4. Nxd4 Nf6 5. Nc3 Nc6 6. Be3 Ng4 7. Nxc6 bxc6 8.
Bc4 Nxe3 9. fxe3 e6 10. O-O Be7 11. e5 d5 12. Qf3 O-O 13. Bd3 Rb8 14. Ne2 Rxb2
15. Nf4 Bg5 16. Qh5 g6 17. Qh3 Qc7 18. Nxg6 fxg6 19. Rxf8+ Kxf8 20. Bxg6 Kg8
21. Qg3 Bxe3+ 22. Kh1 hxg6 23. Qxg6+ Qg7 24. Qe8+ Qf8 0-1

[Event "MTO"]
[Site "?"]
[Date "2021.??.??"]
[Round "1.129"]
[White "Raja Harshit"]
[Black "Sultan Ibrahim"]
[Result "1-0"]
[WhiteElo "2484"]
[BlackElo "2076"]
[PlyCount "83"]
[EventDate "2021.??.??"]
[WhiteTeam "Indien"]
[BlackTeam "Vereinigte Arabische Emirate"]
[WhiteTeamCountry "IND"]
[BlackTeamCountry "UAE"]

1. e4 e6 2. d4 d5 3. Nc3 Nf6 4. e5 Nfd7 5. f4 c5 6. Nf3 Be7 7. Be3 b6 8. h4 Bb7
9. Qd2 Nc6 10. h5 a6 11. O-O-O c4 12. f5 h6 13. Qf2 Nf8 14. Bxc4 dxc4 15. d5
Nb4 16. dxe6 Qb8 17. f6 gxf6 18. exf6 Bxf6 19. Nd2 Nh7 20. Bd4 fxe6 21. Bxf6
Rf8 22. Qxb6 Nxa2+ 23. Nxa2 Rxf6 24. Nxc4 Bxg2 25. Rhg1 Qf4+ 26. Kb1 Qxc4 27.
Rxg2 Ng5 28. Rgd2 Rf1 29. b3 Rxd1+ 30. Rxd1 Qb5 31. Qd4 Kf7 32. Nc3 Qf5 33. Qb6
Kg8 34. Qb7 Rf8 35. Qxa6 Qe5 36. Qc6 Rf7 37. Qe8+ Kg7 38. Rd8 Rf1+ 39. Kb2 Nf7
40. Qf8+ Kf6 41. Rd7 Qxh5 42. Ne4+ 1-0

[Event "MTO"]
[Site "?"]
[Date "2021.??.??"]
[Round "1.130"]
[White "Vasquez Toledo Cristian"]
[Black "NR Vignesh"]
[Result "0-1"]
[WhiteElo "2064"]
[BlackElo "2428"]
[PlyCount "112"]
[EventDate "2021.??.??"]
[WhiteTeam "Chile"]
[BlackTeam "Indien"]
[WhiteTeamCountry "CHI"]
[BlackTeamCountry "IND"]

1. e4 c5 2. Nf3 d6 3. d4 cxd4 4. Nxd4 Nf6 5. Nc3 a6 6. Be3 e5 7. Nb3 Be7 8. f3
Be6 9. Qd2 h5 10. O-O-O Nbd7 11. Kb1 Rc8 12. Nd5 Nxd5 13. exd5 Bf5 14. Bd3 Bxd3
15. Qxd3 Bg5 16. Bf2 h4 17. g3 Qc7 18. Nd2 Bxd2 19. Qxd2 Nf6 20. g4 b5 21. c3
h3 22. Rhe1 O-O 23. Be3 a5 24. Rc1 Qb7 25. Red1 Rc4 26. b3 Rc7 27. Bg5 Nh7 28.
Bh4 Qc8 29. Qd3 Qd7 30. Qf1 a4 31. b4 Rfc8 32. Be1 Rc4 33. Qxh3 e4 34. f4 Nf6
35. f5 e3 36. Qxe3 Nxg4 37. Qg5 f6 38. Qh5 Ne3 39. Rd3 Qxf5 40. Qxf5 Nxf5 41.
Kb2 Kf7 42. Rf3 g6 43. Bf2 Re8 44. Rc2 Rce4 45. Rd2 Rc8 46. a3 Rh8 47. h3 Rh5
48. Kc2 Ne7 49. Bd4 Nxd5 50. c4 Reh4 51. Bc3 Nxc3 52. Rxd6 Rxc4 53. Rxc3 Rxc3+
54. Kxc3 Rxh3+ 55. Kd4 Rh5 56. Rb6 Re5 0-1